Aberdeen Biggest Transfers - Statistics

General Stats
  • This quiz has been taken 65 times
    25 since last reset
  • The average score is 9 of 17
Answer Stats
% Correct
Outgoings Scotland CM 22 Lewis Ferguson 22/23 Bologna
88%
Outgoings Scotland CB 23 Scott McKenna 20/21 Nottingham Forest
88%
Outgoings North Macedonia ST 25 Bojan Miovski 24/25 Girona
75%
Outgoings Scotland RB 18 Calvin Ramsay 22/23 Liverpool
75%
Outgoings Scotland GK 29 Jim Leighton 88/89 Manchester United
69%
Outgoings Ireland RM 29 Jonny Hayes 17/18 Celtic
69%
Outgoings Albania DM 27 Ylber Ramadani 23/24 Lecce
63%
Outgoings Scotland DM 25 Ross McCrorie 23/24 Bristol City
56%
Outgoings England ST 24 Sam Cosgrove 20/21 Birmingham City
56%
Incomings Finland LW 21 Topi Keskinen 24/25 HJK Helsinki
56%
Incomings Scotland ST 25 Billy Dodds 94/95 St. Johnstone
38%
Outgoings Scotland LB 22 Davie Robertson 91/92 Rangers
38%
Incomings Netherlands ST 25 Hans Gillhaus 89/90 PSV
38%
Incomings England ST 26 Dean Windass 95/96 Hull City
31%
Outgoings Scotland CB 28 Russell Anderson 07/08 Sunderland
25%
Outgoings England RW 28 Craig Hignett 98/99 Barnsley
19%
Outgoings Scotland ST 23 Steve Archibald 80/81 Tottenham Hotspur
13%
No matching quizzes found
Score Distribution
Percent of People with Each Score
Percentile by Number Answered
Your Score History
You have not taken this quiz since the last reset